Mathematics for engineers and applied scientists /

Guardado en:
Autor Principal: Lennox, Stanley Conyers.
Otros Autores: Chadwick, Mary.
Formato: Libro
Idioma:English
Publicado: London : Heinemann, 1977.
Edición:2nd ed.
Series:An H.E.B. paperback
Materias:
Etiquetas: Agregar Etiqueta
Sin Etiquetas, Sea el primero en etiquetar este registro!
LEADER 00772cam a22002415a 4500
001 EIQ.libpla003026
008 790917s1977####enka##########001#0#eng#d
005 20071004173109.0
245 1 0 |a Mathematics for engineers and applied scientists /  |c Stanley C. Lennox, Mary Chadwick. 
250 |a 2nd ed. 
260 |a London :  |b Heinemann,  |c 1977. 
300 |a xiv, 550 p. :  |b il. ;  |c 22 cm. 
490 0 |a An H.E.B. paperback 
500 |a Incluye indice. 
020 |a 0435712829 
100 1 |a Lennox, Stanley Conyers. 
700 1 |a Chadwick, Mary. 
082 0 0 |a 510/.2/462 
650 4 |a Ingeniería química  |x Matematicas. 
650 4 |a Chemical engineering  |x Mathematics. 
010 |a  79670196  
040 |a DLC  |c DLC  |d AR-BbSID 
859 |a AR-BbSID  |b BIB. PLAPIQUI  |h 515.4  |i L 546  |p 213